| 000 | 00918nam a22002657a 4500 | ||
|---|---|---|---|
| 001 | 6834 | ||
| 003 | FISKH | ||
| 005 | 20250530084246.0 | ||
| 008 | 250530b cb ||||| |||| 00| 0 eng d | ||
| 020 | _a9788128607080 | ||
| 040 |
_aFISKH _beng _cFISKH _dFISKH |
||
| 050 | _aPZ7 | ||
| 082 | _a813.54 | ||
| 100 | _aAnonymous | ||
| 245 |
_aBambi and the forest anilmals : _bDisney discovery / |
||
| 260 |
_aMumbai : _bDisney Enterprises, _c2006. |
||
| 300 |
_a40 pages : _bcolor illustrations ; _c28 cm |
||
| 505 | _aK | ||
| 520 | _aJoin Bambi and his friends as they explore the beautiful forest and have some adventures of their own. You will meet a lot of animals, and know more about them as they go about living their lives in the forest. | ||
| 521 | 8 |
_a510
_bLexile estimate |
|
| 521 | 8 |
_aK
_bRaz-Plus KSP |
|
| 650 |
_aAnimals _vAdventure _xForest |
||
| 942 |
_2ddc _cBK _n0 |
||
| 999 |
_c6834 _d6834 |
||